[Event "Ayvalik Kiraz"]
[Site "Ayvalik"]
[Date "2023.10.20"]
[Round "6"]
[White "Maksimovic, Branimir"]
[Black "Okus, Melih"]
[Result "1/2-1/2"]
[WhiteElo "2142"]
[BlackElo "1939"]
[PlyCount "113"]
[EventDate "2023.10.19"]
[EventType "tourn"]
[EventRounds "9"]
[EventCountry "TUR"]
[SourceTitle "Mega2024 Update 01"]
[Source "Chessbase"]
[SourceDate "2023.11.12"]
[SourceVersion "1"]
[SourceVersionDate "2023.11.12"]
[SourceQuality "1"]

1. e4 c5 2. Nf3 Nc6 3. d4 cxd4 4. Nxd4 g6 5. c4 Nf6 6. Nc3 Nxd4 7. Qxd4 d6 8. Be2 Bg7 9. 0-0 0-0 10. Qd3 a5 11. Be3 a4 12. Bd4 Qa5 13. f4 Be6 14. f5 Bd7 15. c5 Bc6 16. cxd6 exd6 17. Rae1 Rae8 18. Bd1 g5 19. a3 h6 20. h4 gxh4 21. Rf4 h3 22. Re3 Re5 23. Rg3 Rfe8 24. Bf3 hxg2 25. Rh4 Kf8 26. Qd2 Bh8 27. Rxh6 Ke7 28. Rxg2 Kd7 29. Nd5 Qxd2 30. Rxd2 Bxd5 31. Bxe5 Rxe5 32. Rxh8 Bxe4 33. Bxe4 Nxe4 34. Rd4 d5 35. Rxa4 Rxf5 36. Rb4 Nd6 37. a4 Kc6 38. Rh3 Kc5 39. Rhb3 Rg5+ 40. Kf1 Nc4 41. Rb5+ Kd4 42. Ke2 Re5+ 43. Kd1 b6 44. Rf3 f5 45. Rf4+ Re4 46. Rxe4+ dxe4 47. b3 Ne3+ 48. Ke1 Nd5 49. b4 Kc4 50. Kf2 f4 51. Kg2 Ne3+ 52. Kg1 Nd5 53. Kg2 Ne3+ 54. Kg1 Nd5 55. Kg2 e3 56. Kf3 e2 57. Rxd5 1/2-1/2

[Event "TUR Cup"]
[Site "Denizli"]
[Date "2023.07.19"]
[Round "6"]
[White "Okus, Melih"]
[Black "Demircin, Kasim"]
[Result "0-1"]
[WhiteElo "1972"]
[BlackElo "1869"]
[PlyCount "100"]
[EventDate "2023.07.16"]
[EventType "team-tourn"]
[EventRounds "9"]
[EventCountry "TUR"]
[SourceTitle "CBM 215 Extra"]
[Source "ChessBase"]
[SourceDate "2023.09.30"]
[SourceVersion "1"]
[SourceVersionDate "2023.09.30"]
[SourceQuality "1"]

1. e4 e5 2. Nf3 Nc6 3. Bc4 Bc5 4. c3 Nf6 5. d4 exd4 6. e5 Ne4 7. Bd5 f5 8. cxd4 Bb4+ 9. Nc3 Bxc3+ 10. bxc3 Nxc3 11. Qb3 Nxd5 12. Qxd5 Qe7 13. 0-0 Qf7 14. Qc5 b6 15. Qa3 Bb7 16. d5 Qxd5 17. Bg5 h6 18. Rad1 Qe6 19. Bd2 0-0-0 20. Bc3 g5 21. Qb2 g4 22. Ne1 h5 23. Nd3 h4 24. Nf4 Qc4 25. e6 Rhg8 26. exd7+ Rxd7 27. Rxd7 Kxd7 28. Qd2+ Kc8 29. Bf6 h3 30. Rc1 Qf7 31. Nd5 Kb8 32. a4 Rg6 33. Rxc6 Bxc6 34. Ne7 Qe8 35. Nxg6 Qxg6 36. Qd8+ Kb7 37. Be5 Qf7 38. gxh3 gxh3 39. f4 Qg6+ 40. Kf2 Qg2+ 41. Ke1 Qg1+ 42. Kd2 Qf2+ 43. Kc3 Qc5+ 44. Kb3 Bd5+ 45. Kb2 Qb4+ 46. Kc1 Qc4+ 47. Kd2 Be4 48. Ke1 a5 49. Kf2 Qc5+ 50. Kg3 Qg1+ 0-1

[Event "TUR Cup"]
[Site "Denizli"]
[Date "2023.07.18"]
[Round "4"]
[White "Okus, Melih"]
[Black "Bardak, Ismail Kayra"]
[Result "1-0"]
[WhiteElo "1972"]
[BlackElo "1494"]
[PlyCount "69"]
[EventDate "2023.07.16"]
[EventType "team-tourn"]
[EventRounds "9"]
[EventCountry "TUR"]
[SourceTitle "CBM 215 Extra"]
[Source "ChessBase"]
[SourceDate "2023.09.30"]
[SourceVersion "1"]
[SourceVersionDate "2023.09.30"]
[SourceQuality "1"]

1. e4 d5 2. exd5 Qxd5 3. Nc3 Qd6 4. d4 Nf6 5. h3 a6 6. Nf3 h6 7. Be3 Nc6 8. Bc4 b5 9. Bb3 Na5 10. Ne5 Nxb3 11. axb3 Bb7 12. 0-0 e6 13. Qe2 Rc8 14. f3 Rb8 15. Ne4 Qd8 16. c4 bxc4 17. bxc4 Bd6 18. Nc5 Bxc5 19. dxc5 c6 20. Rfd1 Qe7 21. Rd6 Rc8 22. Rad1 0-0 23. Rd7 Nxd7 24. Rxd7 Qf6 25. Ng4 Qg6 26. Rxb7 h5 27. Nf2 f5 28. Bf4 Rf7 29. Rxf7 Qxf7 30. Bd6 Qf6 31. Qe5 Kf7 32. Nd3 Qh4 33. Qc3 g5 34. Ne5+ Kg8 35. Ng6 1-0

[Event "TUR Cup"]
[Site "Denizli"]
[Date "2023.07.17"]
[Round "2"]
[White "Okus, Melih"]
[Black "Ozcan, Berk"]
[Result "1-0"]
[WhiteElo "1972"]
[BlackElo "1863"]
[PlyCount "32"]
[EventDate "2023.07.16"]
[EventType "team-tourn"]
[EventRounds "9"]
[EventCountry "TUR"]
[SourceTitle "CBM 215 Extra"]
[Source "ChessBase"]
[SourceDate "2023.09.30"]
[SourceVersion "1"]
[SourceVersionDate "2023.09.30"]
[SourceQuality "1"]

1. e4 c5 2. Nc3 Nc6 3. Bb5 g6 4. Bxc6 dxc6 5. d3 Nf6 6. Be3 b6 7. h3 Bg7 8. Nge2 e5 9. a4 a5 10. 0-0 Nd7 11. Qd2 0-0 12. Bh6 Re8 13. Bxg7 Kxg7 14. f4 exf4 15. Nxf4 Ne5 16. Nce2 Ra7 1-0

[Event "TUR-chT 1st League"]
[Site "Konya"]
[Date "2022.08.23"]
[Round "3.7"]
[White "Okus, Melih"]
[Black "Alper, Metin"]
[Result "1/2-1/2"]
[WhiteElo "2039"]
[BlackElo "1963"]
[PlyCount "99"]
[EventDate "2022.08.22"]
[EventType "team-swiss"]
[EventRounds "9"]
[EventCountry "TUR"]
[SourceTitle "CBM 209 Extra"]
[Source "ChessBase"]
[SourceDate "2022.09.30"]
[SourceVersion "1"]
[SourceVersionDate "2022.09.30"]
[SourceQuality "1"]
[WhiteTeam "Varyant Genclik"]
[BlackTeam "Ankara Dernegi"]
[WhiteTeamCountry "TUR"]
[BlackTeamCountry "TUR"]

1. d4 d6 2. e4 g6 3. Nc3 Bg7 4. f4 e6 5. Nf3 Ne7 6. Bd3 d5 7. e5 b6 8. Ne2 Ba6 9. Bxa6 Nxa6 10. c3 0-0 11. 0-0 c5 12. Bd2 c4 13. g4 Nc7 14. Ng3 f6 15. exf6 Bxf6 16. Qc2 Bg7 17. Ne5 Qe8 18. Rae1 Nc6 19. Nf3 Qd7 20. f5 exf5 21. gxf5 gxf5 22. Nh4 f4 23. Ngf5 Ne6 24. Bxf4 Nxf4 25. Rxf4 Bf6 26. Ref1 Kh8 27. Kh1 Bg5 28. R4f3 Rae8 29. Qg2 Rg8 30. Rg3 Qd8 31. Rg1 Bxh4 32. Nxh4 Rxg3 33. Qxg3 Qf6 34. Qh3 Ne7 35. Rf1 Qg7 36. Qe6 Rf8 37. Rxf8+ Qxf8 38. Kg2 Qg7+ 39. Kf3 Qg5 40. Qe5+ Qxe5 41. dxe5 Kg7 42. Kg4 Kf7 43. Kg5 Ke6 44. Nf3 Nc6 45. Kf4 h6 46. Nd4+ Nxd4 47. cxd4 b5 48. Ke3 b4 49. Kd2 a5 50. Kc2 1/2-1/2

[Event "TUR-chT 1st League"]
[Site "Konya"]
[Date "2022.08.22"]
[Round "1.4"]
[White "Okus, Melih"]
[Black "Sahin, Ozgun"]
[Result "1-0"]
[WhiteElo "2039"]
[BlackElo "2314"]
[PlyCount "56"]
[EventDate "2022.08.22"]
[EventType "team-swiss"]
[EventRounds "9"]
[EventCountry "TUR"]
[SourceTitle "CBM 209 Extra"]
[Source "ChessBase"]
[SourceDate "2022.09.30"]
[SourceVersion "1"]
[SourceVersionDate "2022.09.30"]
[SourceQuality "1"]
[WhiteTeam "Varyant Genclik"]
[BlackTeam "Pamukkale Universiteli"]
[WhiteTeamCountry "TUR"]
[BlackTeamCountry "TUR"]

1. e4 c5 2. Nf3 Nc6 3. d4 cxd4 4. Nxd4 Nf6 5. Nc3 e5 6. Ndb5 d6 7. Bg5 a6 8. Na3 b5 9. Nd5 Be7 10. Bxf6 Bxf6 11. c3 Bg5 12. h4 Bh6 13. g4 Bf4 14. Nxf4 exf4 15. Qd5 Bb7 16. 0-0-0 0-0 17. Qf5 b4 18. Nc4 bxc3 19. bxc3 Ne7 20. Qxf4 d5 21. Rh3 Rc8 22. h5 Qc7 23. Qxc7 Rxc7 24. Nd6 Bc6 25. e5 Bd7 26. Be2 f6 27. f4 fxe5 28. fxe5 Rf2 1-0

[Event "TUR Cup"]
[Site "Antalya"]
[Date "2020.01.30"]
[Round "7"]
[White "Uzuner, Tufan Can"]
[Black "Okus, Melih"]
[Result "0-1"]
[WhiteElo "1939"]
[BlackElo "1933"]
[PlyCount "62"]
[EventDate "2020.01.26"]
[EventType "swiss"]
[EventRounds "11"]
[EventCountry "TUR"]
[SourceTitle "CBM 194 Extra"]
[Source "ChessBase"]
[SourceDate "2020.03.31"]
[SourceVersion "1"]
[SourceVersionDate "2020.03.31"]
[SourceQuality "1"]

1. d4 e6 2. Nf3 f5 3. g3 Nf6 4. Bg2 d5 5. c4 c6 6. 0-0 Bd6 7. b3 Qe7 8. Bb2 0-0 9. Nbd2 Ne4 10. Ne5 b6 11. Nxe4 fxe4 12. f3 Bxe5 13. dxe5 dxc4 14. f4 cxb3 15. axb3 c5 16. Bxe4 Bb7 17. Bxb7 Qxb7 18. Qd6 Qd5 19. Qxd5 exd5 20. f5 Nc6 21. g4 d4 22. e6 Ne7 23. b4 Nd5 24. bxc5 bxc5 25. Ra5 Ne3 26. Rxc5 Nxf1 27. Bxd4 Rfd8 28. Be5 Ne3 29. Bf4 Nxg4 30. Rc7 Nf6 31. e7 Rd7 0-1

[Event "TUR Cup"]
[Site "Antalya"]
[Date "2020.01.27"]
[Round "2"]
[White "Okus, Melih"]
[Black "Erdal, Kerem"]
[Result "1-0"]
[WhiteElo "1933"]
[BlackElo "1691"]
[PlyCount "81"]
[EventDate "2020.01.26"]
[EventType "swiss"]
[EventRounds "11"]
[EventCountry "TUR"]
[SourceTitle "CBM 194 Extra"]
[Source "ChessBase"]
[SourceDate "2020.03.31"]
[SourceVersion "1"]
[SourceVersionDate "2020.03.31"]
[SourceQuality "1"]

1. b3 e5 2. Bb2 Nc6 3. c4 Nf6 4. Nc3 Bc5 5. e3 a5 6. Na4 Be7 7. Nf3 e4 8. Nd4 Nxd4 9. Bxd4 0-0 10. Qc2 d6 11. Rc1 Re8 12. Nc3 Bf5 13. f3 Qd7 14. f4 Nh5 15. Be2 Bg4 16. Qd1 Bh4+ 17. Kf1 f5 18. Nd5 Rf8 19. Bxg4 fxg4 20. g3 Bf6 21. Nxf6+ Nxf6 22. Kg2 a4 23. b4 b5 24. a3 Rac8 25. Qc2 Qf5 26. cxb5 Qxb5 27. Qc4+ Qxc4 28. Rxc4 Nd5 29. Rhc1 Rb8 30. Kf2 Rf5 31. d3 Re8 32. dxe4 Rxe4 33. Ke2 Rh5 34. Kd3 Re7 35. R1c2 Nb6 36. Rxc7 Rxc7 37. Rxc7 Nd5 38. Rxg7+ Kf8 39. Rg5 Rxg5 40. fxg5 Kf7 41. Kc4 1-0

[Event "Izmir op 18th"]
[Site "Izmir"]
[Date "2019.09.05"]
[Round "6"]
[White "Okus, Melih"]
[Black "Unat, Can Haktan"]
[Result "0-1"]
[WhiteElo "1935"]
[BlackElo "2100"]
[PlyCount "106"]
[EventDate "2019.09.02"]
[EventType "swiss"]
[EventRounds "9"]
[EventCountry "TUR"]
[SourceTitle "EXT 2020"]
[Source "ChessBase"]
[SourceDate "2019.10.17"]
[SourceVersion "1"]
[SourceVersionDate "2019.10.17"]
[SourceQuality "1"]

1. c4 e5 2. Nc3 Nf6 3. g3 c6 4. d4 e4 5. Bg2 d5 6. f3 Bb4 7. a3 Bxc3+ 8. bxc3 0-0 9. Bg5 Bf5 10. fxe4 Bxe4 11. Nf3 Nbd7 12. 0-0 h6 13. Bxf6 Nxf6 14. Qb3 b6 15. Ne5 Rc8 16. a4 c5 17. cxd5 Bxg2 18. Kxg2 Qxd5+ 19. Qxd5 Nxd5 20. Rf3 cxd4 21. cxd4 Rc2 22. Kf1 f6 23. Ng4 Re8 24. Rf5 Nc3 25. e3 Re4 26. h3 Re7 27. Rf2 Rxf2+ 28. Kxf2 h5 29. Nh2 Ne4+ 30. Kg2 Rc7 31. Ra2 Rc3 32. Nf1 Kf7 33. Kf3 Ng5+ 34. Ke2 Ke6 35. a5 b5 36. a6 Ne4 37. g4 hxg4 38. hxg4 g6 39. Nd2 Nd6 40. Rb2 Kd5 41. Nb1 Rxe3+ 42. Kxe3 Nc4+ 43. Kd3 Nxb2+ 44. Kc3 Nc4 45. Kb4 Nd6 46. Nd2 Kxd4 47. Nb3+ Kd5 48. Nc5 f5 49. gxf5 gxf5 50. Nd7 f4 51. Nf6+ Kd4 52. Ng4 f3 53. Nf2 Ne4 0-1

[Event "TUR-chT 1st League"]
[Site "Konya"]
[Date "2019.07.25"]
[Round "6.8"]
[White "Okus, Melih"]
[Black "Kazimova, Narmin Nizami Qizi"]
[Result "0-1"]
[WhiteElo "1964"]
[BlackElo "2256"]
[PlyCount "68"]
[EventDate "2019.07.22"]
[EventType "team-swiss"]
[EventRounds "9"]
[EventCountry "TUR"]
[SourceTitle "CBM 191 Extra"]
[Source "ChessBase"]
[SourceDate "2019.09.30"]
[SourceVersion "1"]
[SourceVersionDate "2019.09.30"]
[SourceQuality "1"]
[WhiteTeam "Salihli Sardes"]
[BlackTeam "Yalova Belediye"]
[WhiteTeamCountry "TUR"]
[BlackTeamCountry "TUR"]

1. e4 c5 2. Nf3 e6 3. g3 Nc6 4. Bg2 Nf6 5. Nc3 d6 6. d4 cxd4 7. Nxd4 Bd7 8. Ndb5 Qb8 9. Bf4 Ne5 10. Qe2 a6 11. Nd4 Be7 12. h3 Qc7 13. Rd1 b5 14. g4 h6 15. Bc1 Rc8 16. f4 Ng6 17. h4 b4 18. h5 Nxf4 19. Bxf4 bxc3 20. e5 dxe5 21. Bxe5 Qc4 22. bxc3 Qxc3+ 23. Kf2 Qc5 24. Bf3 Bb5 25. Qe3 Bc4 26. Nb3 Qxe3+ 27. Kxe3 Bd5 28. Bxf6 Bxf3 29. Bxg7 Bxd1 30. Bxh8 Bg5+ 31. Kd4 Be2 32. Nc5 Ke7 33. Be5 f6 34. Bg3 e5+ 0-1

[Event "TUR Cup"]
[Site "Antalya"]
[Date "2019.02.01"]
[Round "9"]
[White "Okus, Melih"]
[Black "Eren, Alper"]
[Result "1-0"]
[WhiteElo "2073"]
[BlackElo "1919"]
[PlyCount "105"]
[EventDate "2019.01.27"]
[EventType "swiss"]
[EventRounds "11"]
[EventCountry "TUR"]
[SourceTitle "CBM 188 Extra"]
[Source "ChessBase"]
[SourceDate "2019.02.26"]
[SourceVersion "1"]
[SourceVersionDate "2019.02.26"]
[SourceQuality "1"]

1. Nf3 Nf6 2. g3 g6 3. Bg2 Bg7 4. c4 d6 5. d4 0-0 6. Nc3 c6 7. e4 Nbd7 8. h3 e5 9. d5 c5 10. g4 a6 11. Be3 b5 12. Nd2 Rb8 13. Bf1 bxc4 14. Nxc4 Nb6 15. Nd2 Ne8 16. Bd3 f5 17. gxf5 gxf5 18. exf5 Bxf5 19. Bxf5 Rxf5 20. Qg4 Qd7 21. Nde4 Nf6 22. Nxf6+ Rxf6 23. Qxd7 Nxd7 24. 0-0-0 Rb4 25. Rhg1 Rg6 26. Rxg6 hxg6 27. Rg1 Kf7 28. Rg4 Nf6 29. Rg3 Rc4 30. Kd2 e4 31. Rg1 Nd7 32. Bf4 Bxc3+ 33. bxc3 Nf6 34. Bxd6 Nxd5 35. Rc1 Ke6 36. Bf8 Kf5 37. Bg7 Nf4 38. Kc2 Ra4 39. Kb3 Ra5 40. c4 Nd3 41. Rg1 Nb4 42. a3 Nc6 43. h4 Kf4 44. Rg5 Kf3 45. Bc3 Kxf2 46. Bxa5 Nxa5+ 47. Kc3 Nc6 48. Rxc5 Ne7 49. Re5 Nf5 50. Rxe4 Kf3 51. Re6 Nxh4 52. c5 g5 53. c6 1-0

[Event "TUR Cup"]
[Site "Antalya"]
[Date "2019.01.28"]
[Round "2"]
[White "Okus, Melih"]
[Black "Ertekin, Ramazan"]
[Result "0-1"]
[WhiteElo "2073"]
[BlackElo "1738"]
[PlyCount "132"]
[EventDate "2019.01.27"]
[EventType "swiss"]
[EventRounds "11"]
[EventCountry "TUR"]
[SourceTitle "CBM 188 Extra"]
[Source "ChessBase"]
[SourceDate "2019.02.26"]
[SourceVersion "1"]
[SourceVersionDate "2019.02.26"]
[SourceQuality "1"]

1. e4 c6 2. d4 d5 3. e5 Bf5 4. Nf3 e6 5. Be2 Ne7 6. Nbd2 Nd7 7. Nb3 c5 8. c3 c4 9. Nbd2 Nc6 10. b3 b5 11. bxc4 bxc4 12. Qa4 Rc8 13. Ba3 Nb6 14. Qa6 Bxa3 15. Qxa3 h6 16. 0-0 Qe7 17. Qa6 0-0 18. a4 Rc7 19. a5 Na8 20. Qb5 Rb8 21. Qa4 a6 22. Nxc4 dxc4 23. Bxc4 Nb4 24. Nd2 Rxc4 25. Nxc4 Bd3 26. Rfb1 Bxb1 27. Rxb1 Nc6 28. Rxb8+ Nxb8 29. Nd6 Qd7 30. Qb3 Nc6 31. Qc4 Nc7 32. Qc5 Ne8 33. c4 Nxd6 34. exd6 Qb7 35. h3 f6 36. d5 exd5 37. cxd5 Nb8 38. Kh2 Nd7 39. Qc7 Qb5 40. Qc8+ Kf7 41. Qd8 Nc5 42. h4 Kg6 43. Qc7 Nd7 44. Qc2+ f5 45. h5+ Kf6 46. Qc3+ Kf7 47. Qe3 Nf6 48. Qe6+ Kf8 49. Qe7+ Kg8 50. Qe6+ Kf8 51. Qe7+ Kg8 52. Qe6+ Kf8 53. Qc8+ Qe8 54. Qxa6 Ng4+ 55. Kg3 Qe5+ 56. f4 Qe3+ 57. Kh4 Qf2+ 58. Kh3 Qe3+ 59. Kh4 Qe1+ 60. Kh3 Nf2+ 61. Kh2 Qh1+ 62. Kg3 Ne4+ 63. Kf3 Qd1+ 64. Ke3 Qg1+ 65. Ke2 Qf2+ 66. Kd3 Qf1+ 0-1

[Event "TUR-chT 2nd League"]
[Site "Konya"]
[Date "2018.07.22"]
[Round "9.4"]
[White "Okus, Melih"]
[Black "Erdogan, Yunus Emre"]
[Result "1-0"]
[WhiteElo "2080"]
[BlackElo "1768"]
[PlyCount "91"]
[EventDate "2018.07.16"]
[EventType "team-swiss"]
[EventRounds "9"]
[EventCountry "TUR"]
[SourceTitle "EXT 2019"]
[Source "ChessBase"]
[SourceDate "2018.10.10"]
[SourceVersion "1"]
[SourceVersionDate "2018.10.10"]
[SourceQuality "1"]
[WhiteTeam "Yalova Belediye"]
[BlackTeam "Denizli Ihtisas"]
[WhiteTeamCountry "TUR"]
[BlackTeamCountry "TUR"]

1. f4 e5 2. fxe5 Nc6 3. Nf3 d6 4. d4 Bg4 5. Bg5 Qd7 6. Nc3 h6 7. Bh4 g5 8. Bg3 0-0-0 9. d5 Bxf3 10. exf3 Nxe5 11. Qd4 Kb8 12. Bb5 c6 13. dxc6 bxc6 14. Bxe5 f6 15. Bg3 cxb5 16. 0-0-0 Rh7 17. Ne4 f5 18. Bxd6+ Bxd6 19. Nxd6 Qe6 20. Qc5 Nf6 21. Qxb5+ Ka8 22. Qc6+ Kb8 23. Rd3 Rc7 24. Qb5+ Ka8 25. Rhd1 Qxa2 26. Ra3 Qe6 27. Rxa7+ Kxa7 28. Qa5+ Kb8 29. Qb6+ Ka8 30. Qxc7 Rd7 31. Qa5+ Kb8 32. Qb4+ Ka8 33. Rd3 Ra7 34. Ra3 Qe7 35. Rxa7+ Qxa7 36. Qa3 Qxa3 37. bxa3 f4 38. Nf7 Nd5 39. Nxh6 Ne3 40. Nf7 g4 41. fxg4 Nxg4 42. h4 Ne3 43. h5 Nxg2 44. h6 f3 45. h7 Nf4 46. h8Q+ 1-0

[Event "TUR-chT 2nd League"]
[Site "Konya"]
[Date "2018.07.20"]
[Round "7.1"]
[White "Burcu, Cagatay"]
[Black "Okus, Melih"]
[Result "1-0"]
[WhiteElo "2331"]
[BlackElo "2080"]
[PlyCount "95"]
[EventDate "2018.07.16"]
[EventType "team-swiss"]
[EventRounds "9"]
[EventCountry "TUR"]
[SourceTitle "EXT 2019"]
[Source "ChessBase"]
[SourceDate "2018.10.10"]
[SourceVersion "1"]
[SourceVersionDate "2018.10.10"]
[SourceQuality "1"]
[WhiteTeam "Olbia VE Spor"]
[BlackTeam "Yalova Belediye"]
[WhiteTeamCountry "TUR"]
[BlackTeamCountry "TUR"]

1. d4 Nf6 2. Bf4 g6 3. Nc3 Bg7 4. e4 d6 5. Qd2 c6 6. 0-0-0 b5 7. f3 Qa5 8. Kb1 b4 9. Nce2 Be6 10. Nc1 c5 11. dxc5 dxc5 12. Nb3 Bxb3 13. Bb5+ Nbd7 14. Bxd7+ Kf8 15. cxb3 Rd8 16. Nh3 h6 17. Qc1 Rxd7 18. Be3 Kg8 19. Qxc5 Qxc5 20. Bxc5 Rb7 21. Rd8+ Kh7 22. Rhd1 Rxd8 23. Rxd8 g5 24. Nf2 e6 25. Nd3 a5 26. Ra8 Rb5 27. Ra7 Kg8 28. g4 Bf8 29. Ra8 Nd7 30. Bxf8 Nxf8 31. Kc2 Kg7 32. a4 bxa3 33. bxa3 Ng6 34. a4 Rb7 35. Rxa5 Nh4 36. Rc5 Nxf3 37. b4 Nxh2 38. b5 Nxg4 39. a5 Nf6 40. b6 Nxe4 41. Rc6 g4 42. a6 g3 43. Ne1 Rd7 44. b7 Rd2+ 45. Kc1 Re2 46. Nf3 g2 47. b8Q Ng5 48. Qg3 1-0

[Event "TUR-chT 2nd League"]
[Site "Konya"]
[Date "2018.07.19"]
[Round "6.3"]
[White "Okus, Melih"]
[Black "Sipahioglu, Irmak"]
[Result "1/2-1/2"]
[WhiteElo "2080"]
[BlackElo "2062"]
[PlyCount "91"]
[EventDate "2018.07.16"]
[EventType "team-swiss"]
[EventRounds "9"]
[EventCountry "TUR"]
[SourceTitle "EXT 2019"]
[Source "ChessBase"]
[SourceDate "2018.10.10"]
[SourceVersion "1"]
[SourceVersionDate "2018.10.10"]
[SourceQuality "1"]
[WhiteTeam "Yalova Belediye"]
[BlackTeam "Mugla Ortaca Belediye"]
[WhiteTeamCountry "TUR"]
[BlackTeamCountry "TUR"]

1. e4 e6 2. d4 d5 3. e5 c5 4. c3 Qb6 5. Nf3 Nc6 6. a3 f6 7. b4 fxe5 8. dxc5 Qc7 9. Bb5 Nf6 10. Qe2 e4 11. Nfd2 g6 12. f3 exf3 13. Nxf3 Bg7 14. Qe5 Qd7 15. Qe3 0-0 16. 0-0 Qc7 17. Bxc6 Ng4 18. Qe2 bxc6 19. h3 Ne5 20. Nd4 Rxf1+ 21. Qxf1 Nc4 22. Nd2 e5 23. Nxc4 exd4 24. Bf4 Qf7 25. Ne5 Bxe5 26. Bxe5 Qxf1+ 27. Rxf1 Ba6 28. Rb1 dxc3 29. Bxc3 Re8 30. a4 Bd3 31. Rb2 a6 32. Rd2 Bc4 33. Kf2 Kf7 34. Kf3 Re1 35. Rf2 Rf1 36. Rxf1 Bxf1 37. h4 Ke6 38. g4 h5 39. gxh5 gxh5 40. Kf4 Be2 41. Bd4 Bd1 42. a5 Be2 43. Bc3 Bd1 44. Bd4 Be2 45. Bc3 Bd1 46. Bd4 1/2-1/2

[Event "TUR-chT 2nd League"]
[Site "Konya"]
[Date "2018.07.17"]
[Round "2.4"]
[White "Okus, Melih"]
[Black "Makaraci, Tunahan"]
[Result "0-1"]
[WhiteElo "2080"]
[BlackElo "2021"]
[PlyCount "72"]
[EventDate "2018.07.16"]
[EventType "team-swiss"]
[EventRounds "9"]
[EventCountry "TUR"]
[SourceTitle "EXT 2019"]
[Source "ChessBase"]
[SourceDate "2018.10.10"]
[SourceVersion "1"]
[SourceVersionDate "2018.10.10"]
[SourceQuality "1"]
[WhiteTeam "Yalova Belediye"]
[BlackTeam "Marmara Universitesi"]
[WhiteTeamCountry "TUR"]
[BlackTeamCountry "TUR"]

1. c4 e5 2. Nc3 Nf6 3. g3 d5 4. cxd5 Nxd5 5. Bg2 Nb6 6. d3 Nc6 7. Nh3 Be7 8. a4 a5 9. Be3 Nd4 10. Nb5 Nxb5 11. axb5 Bxh3 12. Bxh3 Qd5 13. 0-0 Qxb5 14. Bxb6 Qxb6 15. Qa4+ c6 16. Qe4 Qc7 17. b4 0-0 18. bxa5 Rxa5 19. Rxa5 Qxa5 20. Rb1 Qc7 21. Qa4 Bc5 22. e3 g6 23. d4 exd4 24. exd4 b5 25. Qa1 Bb6 26. Bg2 Rd8 27. Rd1 c5 28. d5 c4 29. Qf6 Rd6 30. Qe5 Qc5 31. Qe8+ Kg7 32. Qe5+ Rf6 33. Kh1 Bc7 34. Qe8 c3 35. Qe3 Qxe3 36. fxe3 b4 0-1

[Event "TUR-chT 2nd League"]
[Site "Konya"]
[Date "2018.07.16"]
[Round "1.5"]
[White "Taze, Bulent"]
[Black "Okus, Melih"]
[Result "1/2-1/2"]
[WhiteElo "1734"]
[BlackElo "2080"]
[PlyCount "133"]
[EventDate "2018.07.16"]
[EventType "team-swiss"]
[EventRounds "9"]
[EventCountry "TUR"]
[SourceTitle "EXT 2019"]
[Source "ChessBase"]
[SourceDate "2018.10.10"]
[SourceVersion "1"]
[SourceVersionDate "2018.10.10"]
[SourceQuality "1"]
[WhiteTeam "Seviye Dernegi"]
[BlackTeam "Yalova Belediye"]
[WhiteTeamCountry "TUR"]
[BlackTeamCountry "TUR"]

1. d4 Nf6 2. c4 e5 3. dxe5 Ng4 4. Nf3 Bc5 5. e3 Nc6 6. Be2 Ngxe5 7. 0-0 d6 8. Nc3 a5 9. b3 0-0 10. Bb2 Nxf3+ 11. Bxf3 Ne5 12. Ne4 Ba7 13. Bxe5 dxe5 14. Qxd8 Rxd8 15. Rfd1 Re8 16. Nc3 c6 17. h3 f5 18. Na4 Be6 19. c5 Rad8 20. Rxd8 Rxd8 21. Rd1 Rxd1+ 22. Bxd1 Kf7 23. a3 e4 24. b4 axb4 25. axb4 Bb8 26. Be2 Bb3 27. Nb6 Bc7 28. Nc4 Ke6 29. Nd2 Ba2 30. g4 g6 31. gxf5+ gxf5 32. f3 exf3 33. Nxf3 Kd5 34. Kf2 Bd8 35. Bd3 Ke6 36. Nd4+ Ke5 37. Bxf5 Bh4+ 38. Ke2 Bc4+ 39. Bd3 Kd5 40. Nf3 Bxd3+ 41. Kxd3 Bf6 42. e4+ Ke6 43. Nd2 Bh4 44. Nc4 Be1 45. Na5 Bxb4 46. Nxb7 Kd7 47. e5 Ba3 48. Ke4 Ke6 49. Na5 Kd7 50. Nb3 Bb4 51. Kf5 Ke7 52. e6 Bc3 53. Nc1 Bd4 54. Nd3 Bg1 55. Ne5 Bxc5 56. Nxc6+ Kf8 57. Kf6 Ba3 58. h4 Bc5 59. h5 Ba3 60. e7+ Ke8 61. Kg7 Bxe7 62. Kxh7 Bg5 63. Ne5 Bc1 64. Kg6 Kf8 65. Nd7+ Kg8 66. Nf6+ Kh8 67. Ng4 1/2-1/2

[Event "TUR-chT 1st League"]
[Site "Konya"]
[Date "2017.07.22"]
[Round "8.2"]
[White "Yelligedik, Murat"]
[Black "Okus, Melih"]
[Result "1/2-1/2"]
[WhiteElo "2014"]
[BlackElo "2041"]
[PlyCount "191"]
[EventDate "2017.07.17"]
[EventType "team-swiss"]
[EventRounds "9"]
[EventCountry "TUR"]
[SourceTitle "CBM 179 Extra"]
[Source "ChessBase"]
[SourceDate "2017.08.23"]
[SourceVersion "1"]
[SourceVersionDate "2017.08.23"]
[SourceQuality "1"]
[WhiteTeam "Denizli Metin Surmeli"]
[BlackTeam "Izmir Rota Koleji"]
[WhiteTeamCountry "TUR"]
[BlackTeamCountry "TUR"]

1. e4 d5 2. exd5 Qxd5 3. Nc3 Qd6 4. d4 Nf6 5. g3 Bg4 6. Nf3 a6 7. Bg2 Nc6 8. Bf4 Qb4 9. 0-0 0-0-0 10. Ne2 Bxf3 11. Bxf3 e5 12. c3 Qb6 13. Bxc6 exf4 14. Bg2 g5 15. Qb3 Qxb3 16. axb3 Bd6 17. Ra5 Rde8 18. Nc1 h6 19. Rf5 Ne4 20. Rxf7 h5 21. b4 Nd2 22. Rd1 Nc4 23. Nd3 Re2 24. Bf3 Rc2 25. Re1 Nxb2 26. Nc5 Bxc5 27. bxc5 Nd3 28. Ree7 Rc1+ 29. Kg2 Ne1+ 30. Kf1 Nxf3+ 31. Ke2 Re1+ 32. Kxf3 Rxe7 33. Rxe7 fxg3 34. Kxg3 a5 35. Re5 Rg8 36. Kf3 Kd7 37. c6+ Kxc6 38. Rxa5 b5 39. c4 bxc4 40. Rc5+ Kd6 41. Rxc4 Rf8+ 42. Ke3 g4 43. Rc5 Rf3+ 44. Ke4 Rh3 45. f4 gxf3 46. Rf5 Rxh2 47. Rf6+ Ke7 48. Rxf3 Ke6 49. d5+ Ke7 50. Rc3 Kd7 51. Rc6 Re2+ 52. Kd4 Rd2+ 53. Ke5 Re2+ 54. Kd4 h4 55. Rh6 Rh2 56. Kc5 h3 57. Rh7+ Kd8 58. Rh8+ Ke7 59. Rh7+ Kf6 60. Kd4 Rh1 61. Kc3 h2 62. Kb2 Ke5 63. Rh5+ Kf4 64. Rh7 Ke4 65. Rh5 Kf3 66. Rh7 Kg2 67. Rg7+ Kf2 68. Rh7 Ke3 69. Rh3+ Kd4 70. Rh5 Kc4 71. Ka2 Kc5 72. Kb2 Kc4 73. Ka2 Rc1 74. Rxh2 Kxd5 75. Kb2 Rc5 76. Rh4 Kc6 77. Kb3 Kb6 78. Rh6+ Kb5 79. Rh4 Rg5 80. Rh3 Rg4 81. Rh5+ c5 82. Rh3 Rb4+ 83. Kc3 Ra4 84. Kb2 Rb4+ 85. Kc2 Ra4 86. Kb3 c4+ 87. Kb2 Kb4 88. Rh8 c3+ 89. Kb1 Kb3 90. Rb8+ Kc4 91. Rc8+ Kd3 92. Rd8+ Rd4 93. Rxd4+ Kxd4 94. Kc2 Kc4 95. Kc1 Kb3 96. Kb1 1/2-1/2